000 00517nas a22001577a 4500
005 20251108173044.0
008 250721s9999 xx || 000 0 ara d
082 1 4 _aم/216.4/عدل
245 1 0 _aالعدل : مجلة فصلية علمية محكمة تعنى بشؤون الفقه و القضاء /
264 1 _aالرياض :
_bوزارة العدل،
650 1 7 _aالفقه الإسلامي
650 1 7 _aالأحكام الشرعية
650 1 7 _aالمواريث
942 _2ddc
_cPER
999 _c95031
_d95031